000 00230nam a22000857a 4500
008 160914b xxu||||| |||| 00| 0 eng d
100 _9481
_aVerma.S
245 _aCCE Mathematics-T-II, 9
260 _aNew Delhi
_bS. Chand Publications
_c2012
999 _c3138
_d3138